| 000 | 00430cam a2200169ua 4500 | ||
|---|---|---|---|
| 020 | _c175.00 | ||
| 041 |
_aeng _h |
||
| 100 | _aPandey , P.C; . | ||
| 245 |
_aModern machining process / _cP.C Pandey. _hTextual Documents |
||
| 260 |
_aNew Delhi : _bTata Mc-Graw Hill Publishing Company , _c2005. |
||
| 300 | _a ; . | ||
| 365 | _a175.00 | ||
| 504 | _a | ||
| 700 | 1 | _aShan, H.S . | |
| 942 | _cBK | ||
| 999 |
_c12962 _d12962 |
||